000 00731nas a2200265 4500
001 BR2010005148
003 BR-BrBNA
005 20231205114720.0
007 ta
008 230509b bl.|||p| |||| 00| 00por d
040 _aBR-BrBNA
_bpor
_cBiblioteca Nacional de Agricultura
041 _a(Pt)
072 _aF08
100 1 _a(Anon.)
245 1 _aRenovar a lavoura cafeeira: porque e como fazer
650 _aCAFÉ
650 _aLAVOURA
650 _aPRATICA CULTURAL
650 _aSISTEMA DE CULTIVO
650 _aRECEPA
650 _aMINAS GERAIS
773 0 _tCoffea (Brazil)
_xISSN 1807-8192
_g(Jan-Apr 2008), v. 5(13) p. 21-24
_wBR2010005148
909 _a202311
_bLúcia
_c55
_dLúcia Elande
942 _2AGRIS
_n0
_cANA
999 _c210124
_d210124